000 00401cam a22001217a 4500
008 180718b1991 xxu||||| |||| 00| 0 eng d
100 _aYeats, Alexander J.
245 _aHow Conflicting Definitions of "Manufactures" Distort Output and Trade Statistics
_cby Alexander. J. Yeats
260 _aWashington, D.C.
_bIBRD
_c1991
300 _a22p.
440 _aWorking Papers WPS 760
650 _aManufactures
999 _c226275
_d226275